¿De cuál desarrollo y de cuáles regiones se trata en el Plan Nacional? /

محفوظ في:
التفاصيل البيبلوغرافية
المؤلف الرئيسي: Bassols Batalla, Angel
التنسيق: نص
الوسوم: إضافة وسم
لا توجد وسوم, كن أول من يضع وسما على هذه التسجيلة!

MARC

LEADER 00000 a a2200000 04500
001 45776
003
040
100 |a Bassols Batalla, Angel  
245 |a ¿De cuál desarrollo y de cuáles regiones se trata en el Plan Nacional? /  |c Angel Bassols Batalla  
773 |g número46 (1989), páginas 3-9  
999 |c 25388  |d 25388